00440cam a22001572 4500001001100000003000100011005001700012008004100029020000800070040001500078100003700093245006500130260004200195300000800237500003700245000002013720151217161503.0110808s xxa 000 0 eng d ac$ aKABUcKABU1 aRepublic of Kenya,d@000018024210aRodgers Mwema Nzioka v the Attorney General & 8 others :bc aNairobi :bKenya Law Reports,c[2006] a p. aPamphlet for reserve shelf [Law]